1018 1068 1706 1518 1335 1603 1677 1159 1881 1916 1590 1877 1997 1973 1512 1208 1001 1192 1787 1405 1774 1830 1338 1997 1915 1780 1865 1979 1826 1422 1108 1868 1907 1817 1772 1815 1230 1996 1633 1788 1904 1052 1224 1629 1983 1387 1681 1200 1316 1281 1239 1632 1739 1038 1620 1920 1394 1292 1002 1669 1973 1075 1311 1241 1293 1715 1618 1002 1975 1729 1867 1117 1620 1879 1331 1607 1603 1957 1959 1542 1720 1785 1603 1694 1829 1171 1071 1956 1699 1313 1381 1333 1603 1899 1488 1815 1697 1545 1387 BCNSPRNW ULIB Ver.6.0+V

เปลี่ยนเป็นภาษาไทย

Change to English
 แสดงรายละเอียดบรรณานุกรม
  กลับหน้าหลัก

Brief Record : Get Marc (ISO 2709) : E-mail record : QR code < ปิดหน้าต่าง
LEADER : 00000nam 2200000uu 4500
001    13399112381
003     ULIB
008    110627s2552||||th 000 0 tha d
020    9789740461845
090    นว.^bM111ห 2552
100 0  May 112
245 00 หนุ่มกวนสาวแกร่งรักแรงคูณสอง/^cMay 112
250    พิมพ์ครั้งที่ 1
260    กรุงเทพฯ :^bแจ่มใส,^c2552
300    225 หน้า
710 1  แจ่มใส
945    ^p169^l0^i026756
995    ทศพร
999 ^a ใช้งานได้ทุกระบบ
รายการนี้ยังไม่มีแท็ก
คุณยังไม่ได้ล็อกอิน คุณสามารถมีกิจกรรมร่วมกับเว็บไซต์ได้ แต่ต้องล็อกอินก่อน ::
  ล็อกอิน

รายการสื่อสารสนเทศ

ลำดับที่ ประเภท เลขเรียก/บาร์โค้ด สถานที่ สถานะ
- ไม่พบข้อมูล -

BibComment


ยังไม่เคยถูกคอมเมนท์

คอมเมนท์ทรัพยากรรายการนี้
  คอมเมนท์: หนุ่มกวนสาวแกร่งร..


 Copyright 2026. Bcnsprnw @Library